[Event "NZL-ch Major op"]
[Site "Christchurch"]
[Date "2022.01.03"]
[Round "2"]
[White "Pakenham, John"]
[Black "McDougall, Sylvia"]
[Result "0-1"]
[WhiteElo "1561"]
[BlackElo "1142"]
[PlyCount "94"]
[EventDate "2022.01.02"]
[EventType "swiss"]
[EventRounds "9"]
[EventCountry "NZL"]
[SourceTitle "EXT 2024"]
[Source "ChessBase"]
[SourceDate "2023.10.10"]
[SourceVersion "1"]
[SourceVersionDate "2023.10.10"]
[SourceQuality "1"]

1. d4 d5 2. Nf3 Nc6 3. Bf4 Bf5 4. e3 a6 5. c4 Nf6 6. a3 g6 7. Nc3 Bg7 8. Be2 0-0 9. 0-0 Ne4 10. Nxd5 Rc8 11. Rc1 b5 12. cxb5 axb5 13. Rxc6 Qxd5 14. Rxc7 g5 15. Bg3 Nxg3 16. Rxc8 Nxe2+ 17. Qxe2 Rxc8 18. Nd2 Qb7 19. e4 Bd7 20. Nb3 b4 21. Nc5 Rxc5 22. dxc5 Bb5 23. Qc2 Bxf1 24. Kxf1 bxa3 25. bxa3 Qa6+ 26. Kg1 Qxa3 27. h3 Be5 28. Kf1 Qc3 29. Qxc3 Bxc3 30. f3 f6 31. Ke2 Kf7 32. Kd3 Be5 33. Kc4 e6 34. Kb5 Ke7 35. Kb6 Kd8 36. Kb7 Bd4 37. c6 Be5 38. Kb6 Kc8 39. Kc5 Kc7 40. Kb5 Kd6 41. Kc4 Kxc6 42. Kd3 Bf4 43. Kc4 Kd6 44. Kd4 h5 45. g4 hxg4 46. hxg4 Bg3 47. Ke3 Ke5 0-1

[Event "NZL-ch Major op"]
[Site "Palmerston North"]
[Date "2018.01.04"]
[Round "4"]
[White "Pakenham, John"]
[Black "Sole, Michael D"]
[Result "0-1"]
[WhiteElo "1681"]
[BlackElo "1801"]
[PlyCount "56"]
[EventDate "2018.01.01"]
[EventType "swiss"]
[EventRounds "9"]
[EventCountry "NZL"]
[SourceTitle "EXT 2019"]
[Source "ChessBase"]
[SourceDate "2018.10.10"]
[SourceVersion "1"]
[SourceVersionDate "2018.10.10"]
[SourceQuality "1"]

1. Nf3 d6 2. d4 f5 3. g3 Nf6 4. Bg2 g6 5. c4 Bg7 6. 0-0 0-0 7. Qc2 Nc6 8. a3 e5 9. dxe5 dxe5 10. Rd1 Qe8 11. e3 Bd7 12. Nc3 e4 13. Nd4 Ne5 14. Bf1 c6 15. Kg2 g5 16. Be2 Qg6 17. Rh1 Bh6 18. f4 exf3+ 19. Nxf3 Rae8 20. Nd1 Ne4 21. Nxe5 Rxe5 22. Bf3 f4 23. exf4 gxf4 24. Nf2 fxg3 25. Bxe4 Rxf2+ 26. Qxf2 Qxe4+ 27. Qf3 Bh3+ 28. Kxh3 Qxf3 0-1

[Event "NZL-ch Major op"]
[Site "Auckland"]
[Date "2011.01.10"]
[Round "9"]
[White "Pakenham, John"]
[Black "Kolev, Hristo"]
[Result "1/2-1/2"]
[WhiteElo "1715"]
[BlackElo "1397"]
[PlyCount "129"]
[EventDate "2011.01.02"]
[EventType "swiss"]
[EventRounds "11"]
[EventCountry "NZL"]
[SourceTitle "EXT 2018"]
[Source "ChessBase"]
[SourceDate "2017.10.13"]
[SourceVersion "1"]
[SourceVersionDate "2017.10.13"]
[SourceQuality "1"]

1. Nf3 Nf6 2. d4 d6 3. c4 g6 4. g3 Bg7 5. Bg2 0-0 6. 0-0 Na6 7. Nc3 c5 8. d5 e6 9. e4 exd5 10. exd5 Re8 11. Ng5 Bf5 12. a3 h6 13. Nf3 Kh7 14. h3 Nc7 15. Nh4 Be4 16. Nxe4 Nxe4 17. Qc2 Nf6 18. Rb1 b5 19. b4 cxb4 20. axb4 bxc4 21. Qxc4 Rc8 22. Qd3 Nd7 23. f4 Qe7 24. Bf3 Rb8 25. Bd2 Qf6 26. Kg2 Qd4 27. Qxd4 Bxd4 28. Rbc1 Na6 29. Rc6 Rb6 30. Rfc1 Ndb8 31. Rxb6 axb6 32. Re1 Rxe1 33. Bxe1 Nd7 34. g4 Be3 35. Kg3 b5 36. Ng2 Bd4 37. Bd2 Nc7 38. g5 h5 39. Be4 Nb6 40. Nh4 Nbxd5 41. f5 Be5+ 42. Kf3 Ne7 43. fxg6+ fxg6 44. Bd3 Kg7 45. Ke4 Bg3 46. Bc3+ Kf7 47. Nf3 Nf5 48. Bc2 d5+ 49. Kd3 Nh4 50. Ne5+ Ke6 51. Nc6 Bf4 52. Bf6 Nf3 53. Ke2 Bxg5 54. Bxg5 Nxg5 55. Bxg6 Nxh3 56. Kf3 Kd6 57. Nd4 Ng5+ 58. Kg3 Nge6 59. Nxe6 Kxe6 60. Bxh5 d4 61. Be2 Kd5 62. Kf3 Na6 63. Bxb5 Nxb4 64. Be2 d3 65. Bxd3 1/2-1/2

[Event "NZL-ch Major op"]
[Site "Auckland"]
[Date "2011.01.02"]
[Round "1"]
[White "Pakenham, John"]
[Black "Ang, Alphaeus Wei Ern"]
[Result "1-0"]
[WhiteElo "1715"]
[BlackElo "1235"]
[PlyCount "95"]
[EventDate "2011.01.02"]
[EventType "swiss"]
[EventRounds "11"]
[EventCountry "NZL"]
[SourceTitle "EXT 2018"]
[Source "ChessBase"]
[SourceDate "2017.10.13"]
[SourceVersion "1"]
[SourceVersionDate "2017.10.13"]
[SourceQuality "1"]

1. Nf3 d5 2. c4 Nf6 3. Qc2 g6 4. g3 Bg7 5. Bg2 0-0 6. 0-0 Bf5 7. Qb3 dxc4 8. Qxb7 Nbd7 9. Nd4 Be4 10. Nc6 Bxc6 11. Qxc6 Nb6 12. Nc3 Rb8 13. a4 a5 14. Nb5 Qd7 15. Qxc7 Qxc7 16. Nxc7 Nfd7 17. Na6 Rbd8 18. Ra2 e5 19. d3 cxd3 20. exd3 f5 21. Rd1 Nf6 22. b3 e4 23. d4 Nfd5 24. Bb2 Rf6 25. Bf1 Rc6 26. Ba1 Rcc8 27. Nc5 Nb4 28. Rad2 Bh6 29. Nb7 Rd5 30. Rb2 Nc2 31. Bc4 Nxc4 32. Rxc2 Nb6 33. Rxc8+ Nxc8 34. Bc3 e3 35. Re1 exf2+ 36. Kxf2 Na7 37. Nxa5 Kf7 38. b4 Rd6 39. b5 Rb6 40. Nc4 Rb7 41. Nd6+ Kf6 42. Nxb7 Bf8 43. d5+ Kf7 44. d6 Bxd6 45. Nxd6+ Kf8 46. Bd4 Nxb5 47. axb5 h5 48. Re8# 1-0